| Tag |
First Indicator |
Second Indicator |
Subfields |
| LEADER |
00000cam a2200000 4500 |
| 001 |
in00000049216 |
| 005 |
20151007065721.0 |
| 008 |
750408s1950 nyu b 00000 eng u |
| 010 |
|
|
|a 51009187
|
| 035 |
|
|
|a (OCoLC)01260433
|
| 035 |
|
|
|9 AAE2538AM
|
| 040 |
|
|
|c IUA
|d TXA
|d UtOrBLW
|
| 049 |
|
|
|a TXAM
|c 1 [193308]
|
| 050 |
0 |
0 |
|a TA350
|b .O47
|
| 082 |
0 |
|
|a 530
|
| 092 |
|
|
|a 530
|b O44m
|
| 100 |
1 |
|
|a Oldenburger, Rufus,
|d 1908-
|
| 245 |
1 |
0 |
|a Mathematical engineering analysis.
|
| 264 |
|
1 |
|a New York :
|b Macmillan,
|c [1950]
|
| 300 |
|
|
|a xiv, 426 pages :
|b illustrations ;
|c 25 cm.
|
| 336 |
|
|
|a text
|b txt
|2 rdacontent
|
| 337 |
|
|
|a unmediated
|b n
|2 rdamedia
|
| 338 |
|
|
|a volume
|b nc
|2 rdacarrier
|
| 504 |
|
|
|a Includes bibliographies.
|
| 650 |
|
0 |
|a Mechanics, Applied.
|
| 999 |
|
|
|a MARS
|
| 999 |
f |
f |
|s fbf22f2d-6abd-34aa-ab6c-ce4c4f4709ca
|i 2beae78d-89b5-3e04-808a-42420f680441
|t 0
|
| 952 |
f |
f |
|p ric
|a Texas A&M University
|b Rellis Campus
|c Joint Library Facility
|d Remote Storage
|t 0
|e TA350 .O47
|h Library of Congress classification
|i unmediated -- volume
|m A14800906619
|
| 998 |
f |
f |
|a TA350 .O47
|t 0
|l Remote Storage
|